000 01840nam0a2200397 4500
001 RU\NLR\BIBL_A\022607839
005 20260420052435.0
010 _a978-5-00075-392-7
_9700
021 _aRU
_bКН-П-25-037013
_9КН-П-25-3631
035 _a(NLR Aleph) 022607839
090 _a13682573
_c13682573
100 _a20250822d2025 u y0rusy50 ca
101 0 _arus
102 _aRU
105 _aa z 000yy
181 0 _ai3
_baxxe
182 0 _an
200 1 _aКруги капрома
_fДаниил Веретенников, Гавриил Малышев, Александр Семенов
203 _aТекст
_bвизуальный
_cнепосредственный
210 _aЕкатеринбург
_cTatlin
_d2025
215 _a207 с.
_cцв. ил.
_d21
300 _aНа обороте тит. с. авт.: архитектор Даниил Веретенников, урбанист Гавриил Малышев и искусствовед Александр Семенов
300 _aНа обл. авт. не указаны
320 _aБиблиогр. в подстроч. примеч.
333 _a16+
606 1 _aАрхитектура
_yРоссийская Федерация
_92147812
_3RU\NLR\AUTH\661293811
606 1 _aАрхитектура
_yСтраны СНГ
_92227192
_3RU\NLR\AUTH\6601569752
686 1 _aЩ113(2Р)75
686 1 _aЩ113(2)75
700 1 _aВеретенников
_bД. И.
_gДаниил Игоревич
701 1 _aМалышев
_bГ. Н.
_gГавриил Николаевич
701 1 _7ca
_8rus
_aСемёнов
_bА. В.
_cканд. искусствоведения
_f1992-
_gАлександр Владимирович
_9189177
_3RU\NLR\AUTH\770189228
942 _cBOOK
980 _aNB